Berm breakwaters : unconventional rubble-mound break-waters /

Bibliographic Details
Corporate Author: American Society of Civil Engineers. Committee on Rubble Mound Structures
Other Authors: Willis, D. H., Baird, W. F., Magoon, Orville T.
Format: Book
Language:English
Published: New York, N.Y. : American Society of Civil Engineers, [1988]
Subjects:

MARC

Tag First Indicator Second Indicator Subfields
LEADER 00000cam a2200000 a 4500
001 in00000026163
005 20151007055830.0
008 880513s1988 nyua b 10100 eng
010 |a  88016678  
020 |a 0872626636 
035 |a (OCoLC)18049130 
035 |9 AAB9385AM 
040 |a DLC  |c DLC  |d TXA  |d UtOrBLW 
049 |a TXAM  |c [A11505612] 
050 0 0 |a TC333  |b .B45 1988 
082 0 |a 627/.24  |2 19 
245 0 0 |a Berm breakwaters :  |b unconventional rubble-mound break-waters /  |c derived from a workshop at the Hydraulics Laboratory, National Research Council of Canada, Ottawa, Canada, 15-16 September 1987 ; sponsored by the Committee on Rubble Mound Structures of the Waterways, Port, Coastal and Ocean Division of the American Society of Civil Engineers [and others] ; edited by D.H. Willis, W.F. Baird, and Orville T. Magoon. 
264 1 |a New York, N.Y. :  |b American Society of Civil Engineers,  |c [1988] 
264 4 |c ©1988 
300 |a viii, 284 pages :  |b illustrations ;  |c 22 cm. 
336 |a text  |b txt  |2 rdacontent 
337 |a unmediated  |b n  |2 rdamedia 
338 |a volume  |b nc  |2 rdacarrier 
504 |a Includes bibliographies and indexes. 
650 0 |a Rubble mound breakwaters  |x Congresses. 
650 0 |a Coastal engineering  |v Congresses. 
700 1 |a Willis, D. H. 
700 1 |a Baird, W. F. 
700 1 |a Magoon, Orville T. 
710 2 |a American Society of Civil Engineers.  |b Committee on Rubble Mound Structures. 
999 |a MARS 
999 f f |s 97d6ba6e-1c2a-3a7a-87a5-0b75843cd1b4  |i 1412752a-5693-3159-ba80-525e3c4a7878  |t 0 
952 f f |p ric  |a Texas A&M University  |b Rellis Campus  |c Joint Library Facility  |d Remote Storage  |t 0  |e TC333 .B45 1988  |h Library of Congress classification  |i unmediated -- volume  |m A14811505612 
998 f f |a TC333 .B45 1988  |t 0  |l Remote Storage